=LDR 00000nam 2200000 4500 =001 INLIS000000000025640 =005 20130612124132 =008 ***********************************ind** =035 ##$$0010-061300000025640 =041 ##$$a ind =082 ##$$a 658.409 2 =090 ##$$a 658.409 2, FAR s =100 ##$$a Farrel, Ralph W.O =245 ##$$a Sukses lebih mudah dari gagal, Ralph W.O.Farrel =260 ##$$a 1984 $b Jakarta =300 ##$$a vi, 256 hlm., 17 cm =650 ##$$a Motivasi Diri =850 ##$$a NBPNMAT